MCU Characters by Screen Time - Statistics

General Stats
  • This quiz has been taken 108,132 times
    59,014 since last reset
  • The average score is 18 of 28
Answer Stats
Minutes Character % Correct
358 Iron Man
99%
243 Captain America
97%
142 Hulk
96%
206 Thor
96%
246 Spider-Man
95%
176 Black Widow
94%
51 Hawkeye / Ronin
86%
45 Thanos
82%
65 Black Panther
77%
164 Doctor Strange
77%
79 Loki
77%
112 Ant-Man
75%
63 Scarlet Witch
75%
96 Star-Lord
74%
80 Gamora
69%
54 Rocket Raccoon
67%
77 Nick Fury
65%
49 Winter Soldier
65%
71 Captain Marvel
61%
41 Drax
57%
35 Falcon
55%
36 The Wasp
53%
70 Pepper Potts
46%
63 Shang-Chi
22%
46 Jane Foster
21%
47 Ned Leeds
19%
41 Yelena Belova
11%
46 Sersi
5%
No matching quizzes found
Score Distribution
Percent of People with Each Score
Percentile by Number Answered
Your Score History
You have not taken this quiz since the last reset